01100nam a2200265 a 450000100100000000500170001000800410002702000150006804000250008304100130010808200170012110000630013824000520020124501000025326000570035330000210041050000660043153400610049750400440055865000250060265000410062770000310066895201200069999900150081900000137620250311111111.0040811s1966 ve b 001 0 spa  a1932846050 aDO-SdBNPbspacBNPHU17aspaheng a001.4bB571a1 aBeveridge, W. I. B.q(William Ian Beardmore),d1908-9460613aThe art of scientific investigation.lespañol14aEl arte de la investigación científica /cby W.I.B. Beveridge; traducción Oswaldo Grillo. aCaracas :bUniversidad Central de Venezuela ,c1966. a269 p. ;c16 cm. aOriginally published: Rev. ed. New York : W.W. Norton, c1957. aTítulo original :tThe art of scientific investigation aIncluye índice e índice analítico 0a Investigación 92 4aMetodologíaxInvestigación946071 aGrillo, Oswaldoetr.94608 001052708MOaGRbGRcCTd2009-07-24iLF1l0o001.4 B571ap1376-10r2020-06-25w2020-06-25y2ZPréstamo interno c1300d1300